Los intelectuales y el despertar cultural del siglo: el caso de la escuela normal superior, una historia reciente y olvidada

Guardado en:
Detalles Bibliográficos
Autores principales: Herrera C., Martha Cecilia (Autor), Low P., Carlos (Autor)
Formato: Libro
Lenguaje:español
Publicado: Bogotá Universidad Pedagógica Nacional 1994
Materias:
Etiquetas: Agregar Etiqueta
Sin Etiquetas, Sea el primero en etiquetar este registro!

MARC

LEADER 00000nam a2200000 a 4500
001 UCU3307
003 CL-VaPUC
008 960510e19940000CK |||||||||||||||||spa|d
082 0 4 |a 370.9  |b HER  |2 21 
100 |a Herrera C., Martha Cecilia  |e author  |9 360187 
700 0 |a Low P., Carlos  |e author  |9 360188 
245 1 4 |a Los intelectuales y el despertar cultural del siglo: el caso de la escuela normal superior, una historia reciente y olvidada 
300 |a 136 p 
942 |c BK 
945 |d 19960510 00:00:00  |a rbrito 
260 |a Bogotá  |b Universidad Pedagógica Nacional  |c 1994 
600 0 7 |a ESCUELA NORMAL SUPERIOR  |2 CL-VaPUC  |9 360189 
650 0 |a Educación básica   |9 224933 
650 0 |a Historia  |9 255047 
650 0 |a Formación profesional de profesores  |9 307493 
651 0 |a Colombia  |9 256424 
583 |a last modification  |c 19960510 00:00:00  |k Rodrigo Vera 
999 |c 247365  |d 247363 
952 |0 0  |1 0  |4 0  |6 370_900000000000000_HER_1994  |7 0  |8 A  |9 263249  |a BIBEDU  |b BIBEDU  |d 2019-11-19  |i 3186415  |o 370.9 HER 1994  |p 3186415  |r 2019-11-19  |w 2019-11-19  |y BK  |k EDU